Cyber security & Cyber war in 2021 for beginners / (Record no. 594013)
[ view plain ]
| 000 -LEADER | |
|---|---|
| fixed length control field | 00859nam a22001817a 4500 |
| 003 - CONTROL NUMBER IDENTIFIER | |
| control field | NUST |
| 005 - DATE AND TIME OF LATEST TRANSACTION | |
| control field | 20240621105020.0 |
| 020 ## - INTERNATIONAL STANDARD BOOK NUMBER | |
| International Standard Book Number | 9798566578675 |
| 082 ## - DEWEY DECIMAL CLASSIFICATION NUMBER | |
| Classification number | 005.8,RIC |
| 100 ## - MAIN ENTRY--PERSONAL NAME | |
| Personal name | Richards, William |
| 9 (RLIN) | 111000 |
| 245 ## - TITLE STATEMENT | |
| Title | Cyber security & Cyber war in 2021 for beginners / |
| Statement of responsibility, etc. | William Ricahards |
| 260 ## - PUBLICATION, DISTRIBUTION, ETC. | |
| Place of publication, distribution, etc. | USA |
| Date of publication, distribution, etc. | 2020 |
| 300 ## - PHYSICAL DESCRIPTION | |
| Extent | 227 p |
| 505 ## - FORMATTED CONTENTS NOTE | |
| Formatted contents note | Introduction to Cybersecurity (Page-6), Problem Arising in the Industry (Page-20), Detrimental Data Breaches (Page-47), Small Cybercrime Events (Page-56), How Not to Get Easily Hacked (Page-62), Cybersecurity in the 2000's V 2020 (Page-76), Leaders in Cybersecurity (Page-114), Leading Companies in Cybersecurity (Page-127), Global Cybersecurity Cooperation (Page-156), The Future of Cybersecurity (Page-199). |
| 650 ## - SUBJECT ADDED ENTRY--TOPICAL TERM | |
| Topical term or geographic name entry element | Cyber Security |
| 9 (RLIN) | 123739 |
| 651 ## - SUBJECT ADDED ENTRY--GEOGRAPHIC NAME | |
| Geographic name | Cyber War |
| 9 (RLIN) | 123740 |
| 942 ## - ADDED ENTRY ELEMENTS (KOHA) | |
| Source of classification or shelving scheme | |
| Koha item type | Book |
| Withdrawn status | Lost status | Source of classification or shelving scheme | Damaged status | Not for loan | Permanent Location | Current Location | Shelving location | Date acquired | Full call number | Barcode | Date last seen | Price effective from | Koha item type | Public note |
|---|---|---|---|---|---|---|---|---|---|---|---|---|---|---|
| Military College of Signals (MCS) | Military College of Signals (MCS) | General Stacks | 03/22/2023 | 005.8,RIC | MCS38594 | 03/22/2023 | 03/22/2023 | Book | Almirah Fresh No.44, Shelf No.1 |
